Statystyki dla Państwa z największą liczbą imigrantów

Kliknij tutaj aby rozwiązać quiz!

Ogólne statystyki

  • Ten quiz został rozwiązany 8 608 razy
    (3 122 od ostatniego zresetowania)
  • Średni wynik to 13 z 20

Statystyki odpowiedzi

Immigranci%Kraj% Poprawnych
50,6 mln15,4Stany Zjednoczone
99%
13,1 mln15,7Niemcy
95%
8,33 mln12,8Francja
94%
6,01 mln13,1Hiszpania
90%
11,6 mln8,0Rosja
90%
7,96 mln21,3Kanada
89%
9,55 mln14,1Wielka Brytania
89%
6,24 mln10,4Włochy
85%
5,15 mln0,4Indie
81%
7,55 mln30,0Australia
75%
5,88 mln7,0Turcja
75%
4,22 mln7,2Południowa Afryka
59%
13,1 mln38,3Arabia Saudyjska
54%
4,96 mln11,3Ukraina
52%
8,58 mln87,9Zjednoczone Emiraty Arabskie
48%
3,28 mln1,5Pakistan
44%
3,64 mln5,2Tajlandia
41%
3,71 mln20,0Kazachstan
30%
3,43 mln10,7Malezja
27%
3,35 mln33,1Jordania
19%

Rozkład punktacji

Percentyl według liczby udzielonych odpowiedzi

Procent ludzi z każdym wynikiem

Twoja historia wyników

Nie rozwiązałeś tego quizu od ostatniego zresetowania